| 000 | 01323nam a2200289Ia 4500 | ||
|---|---|---|---|
| 001 | ebr10058593 | ||
| 003 | CaPaEBR | ||
| 006 | m u | ||
| 007 | cr cn||||||||| | ||
| 008 | 040205s2004 enk s 000 0 eng d | ||
| 020 | _z0861768868 | ||
| 040 |
_aCaPaEBR _cCaPaEBR |
||
| 035 | _a(OCoLC)614577751 | ||
| 050 | 1 | 4 |
_aTK1 _b.C37 2004eb |
| 100 | 1 | _aCarpinelli, Guido. | |
| 245 | 1 | 0 |
_aSelected papers from the PMAPS 2002 - conference on probabalistic methods applied to power systems, Naples 2002 _h[electronic resource] / _cGuido Carpinelli. |
| 260 |
_aBradford, England : _bEmerald Group, _c2004. |
||
| 300 | _a349 p. | ||
| 490 | 1 |
_aInternational Journal for Computation and Mathematics in Electrical and Electronic Engineering. No. 1 ; _vVol. 23 |
|
| 533 |
_aElectronic reproduction. _bPalo Alto, Calif. : _cebrary, _d2009. _nAvailable via World Wide Web. _nAccess may be limited to ebrary affiliated libraries. |
||
| 650 | 0 | _aElectrical engineering. | |
| 650 | 0 | _aElectronics. | |
| 655 | 7 |
_aElectronic books. _2local |
|
| 710 | 2 | _aebrary, Inc. | |
| 830 | 0 |
_aInternational journal for computation and mathematics in electrical and electronic engineering ; _vv. 23, no. 1. |
|
| 856 | 4 | 0 |
_uhttp://site.ebrary.com/lib/rucke/Doc?id=10058593 _zAn electronic book accessible through the World Wide Web; click to view |
| 999 |
_c69465 _d69465 |
||